<?xml version="1.0" encoding="UTF-8"?>
<collection xmlns="http://www.loc.gov/MARC21/slim">
    <record>
        <controlfield tag="001">95083</controlfield>
        <controlfield tag="005">20210902121737.0</controlfield>
        <datafield tag="024" ind1="8" ind2=" ">
            <subfield code="2">sideral</subfield>
            <subfield code="a">118857</subfield>
        </datafield>
        <datafield tag="037" ind1=" " ind2=" ">
            <subfield code="a">ART-2020-118857</subfield>
        </datafield>
        <datafield tag="041" ind1=" " ind2=" ">
            <subfield code="a">spa</subfield>
        </datafield>
        <datafield tag="100" ind1=" " ind2=" ">
            <subfield code="0">(orcid)0000-0001-8568-455X</subfield>
            <subfield code="a">Naval López, María Ángeles</subfield>
            <subfield code="u">Universidad de Zaragoza</subfield>
        </datafield>
        <datafield tag="245" ind1=" " ind2=" ">
            <subfield code="a">De los márgenes al main stream. Mujeres, exilios y novedades en los géneros</subfield>
        </datafield>
        <datafield tag="260" ind1=" " ind2=" ">
            <subfield code="c">2020</subfield>
        </datafield>
        <datafield tag="506" ind1="0" ind2=" ">
            <subfield code="a">Access copy available to the general public</subfield>
            <subfield code="f">Unrestricted</subfield>
        </datafield>
        <datafield tag="520" ind1="3" ind2=" ">
            <subfield code="a">Los estudios sobre el pensamiento literario peninsular están este año de enhorabuena. La editorial Cátedra publica un auténtico manual de más de setecientas páginas sobre Pensamiento y crítica literaria en el siglo XX (castellano, catalán, euskera, gallego). José María Pozuelo Yvancos redacta la parte del castellano excepto las ideas teatrales, que corren a cargo de Mariángeles Rodríguez Alonso. El pensamiento literario en eusquera (Mari Jose Olaziregui y Lurdes Otaegi), en catalán (Pere Ballart y Jordi Julià) y gallego (María do Cebreiro Rábade Villar) siguen una estructura que da cuenta de la sistematización general del volumen: el análisis de los procesos de nacionalización del primer tercio del XX, el exilio republicano y la normalización democrática. La construcción de la literatura nacional desde la Restauración y en el XX es el objeto del estudio preliminar de Joaquín Álvarez Barrientos a la antología de textos de Marcelino Menéndez Pelayo, Literatura y nación. Preliminares de historia literaria (Urgoiti Editores)(...).</subfield>
        </datafield>
        <datafield tag="540" ind1=" " ind2=" ">
            <subfield code="9">info:eu-repo/semantics/openAccess</subfield>
            <subfield code="a">All rights reserved</subfield>
            <subfield code="u">http://www.europeana.eu/rights/rr-f/</subfield>
        </datafield>
        <datafield tag="592" ind1=" " ind2=" ">
            <subfield code="a">0.199</subfield>
            <subfield code="b">2020</subfield>
        </datafield>
        <datafield tag="593" ind1=" " ind2=" ">
            <subfield code="a">Literature and Literary Theory</subfield>
            <subfield code="c">2020</subfield>
            <subfield code="d">Q1</subfield>
        </datafield>
        <datafield tag="655" ind1=" " ind2="4">
            <subfield code="a">info:eu-repo/semantics/article</subfield>
            <subfield code="v">info:eu-repo/semantics/acceptedVersion</subfield>
        </datafield>
        <datafield tag="710" ind1="2" ind2=" ">
            <subfield code="1">3013</subfield>
            <subfield code="2">583</subfield>
            <subfield code="a">Universidad de Zaragoza</subfield>
            <subfield code="b">Dpto. Lingüíst.y Liter.Hispán.</subfield>
            <subfield code="c">Área Literatura Española</subfield>
        </datafield>
        <datafield tag="773" ind1=" " ind2=" ">
            <subfield code="g">880 (2020), 14-16</subfield>
            <subfield code="p">Insula</subfield>
            <subfield code="t">Insula</subfield>
            <subfield code="x">0020-4536</subfield>
        </datafield>
        <datafield tag="856" ind1="4" ind2="1">
            <subfield code="u">https://www.insula.es/revista/almanaque-2019</subfield>
            <subfield code="z">Texto completo de la revista</subfield>
        </datafield>
        <datafield tag="856" ind1="4" ind2=" ">
            <subfield code="s">72057</subfield>
            <subfield code="u">http://zaguan.unizar.es/record/95083/files/texto_completo.pdf</subfield>
            <subfield code="y">Postprint</subfield>
        </datafield>
        <datafield tag="856" ind1="4" ind2=" ">
            <subfield code="s">331793</subfield>
            <subfield code="u">http://zaguan.unizar.es/record/95083/files/texto_completo.jpg?subformat=icon</subfield>
            <subfield code="x">icon</subfield>
            <subfield code="y">Postprint</subfield>
        </datafield>
        <datafield tag="909" ind1="C" ind2="O">
            <subfield code="o">oai:zaguan.unizar.es:95083</subfield>
            <subfield code="p">articulos</subfield>
            <subfield code="p">driver</subfield>
        </datafield>
        <datafield tag="951" ind1=" " ind2=" ">
            <subfield code="a">2021-09-02-09:40:23</subfield>
        </datafield>
        <datafield tag="980" ind1=" " ind2=" ">
            <subfield code="a">ARTICLE</subfield>
        </datafield>
    </record>

    
</collection>